00373nam a2200157Ia 45000010006000000050017000060080041000230410008000640820013000721000028000852450049001132600009001623000028001716500008001996540008002071970620260306172712.0260306t2005||||xx |||||||||||||| ||spa|| aESP a341bH46 aHerrera, Daniel A.eAUT 0aLa nocion del derecho en Villey y Kalinowsky c2005 a469 páginas :c21 cm. aGEN aCDE